ბათუმის შოთა რუსთაველის სახელმწიფო უნივერსიტეტის ბიბლიოთეკა

Les 500 Exercices Grammaire: Niveau : (ბიბ.ჩანაწერი № 50819)

000 -LEADER
fixed length control field 00871nam a2200253Ia 4500
001 - CONTROL NUMBER
control field 17772
003 - CONTROL NUMBER IDENTIFIER
control field GE_BSU
005 - DATE AND TIME OF LATEST TRANSACTION
control field 20200224112530.0
008 - FIXED-LENGTH DATA ELEMENTS--GENERAL INFORMATION
fixed length control field 181216s||||||||xx |||||||||||||| ||fre||
020 ## - INTERNATIONAL STANDARD BOOK NUMBER
International Standard Book Number ISBN- 978-2011554352
040 ## - CATALOGING SOURCE
Transcribing agency GE_BSU
041 ## - LANGUAGE CODE
Language code of text/sound track or separate title fre
080 ## - UNIVERSAL DECIMAL CLASSIFICATION NUMBER
Universal Decimal Classification number 811.133.1 L-58
245 ## - TITLE STATEMENT
Title Les 500 Exercices Grammaire: Niveau :
Remainder of title Niveau: A 2 : Avec Corriges /
Statement of responsibility, etc. Anne Akyuz ; Bernadette Bazelle-Shahmaei ; Joelle Bonenfant ; Marie-Francoise Gliemann .
264 ## - PRODUCTION, PUBLICATION, DISTRIBUTION, MANUFACTURE, AND COPYRIGHT NOTICE
Place of production, publication, distribution, manufacture Paris :
Name of producer, publisher, distributor, manufacturer Hachette,
Date of production, publication, distribution, manufacture, or copyright notice 2006.
300 ## - PHYSICAL DESCRIPTION
Extent 223 p;
Dimensions 24 cm.
653 ## - INDEX TERM--UNCONTROLLED
keyword Les 500 Exercices Grammaire
653 ## - INDEX TERM--UNCONTROLLED
keyword ფრანგული ენა(გრამატიკა)
700 ## - ADDED ENTRY--PERSONAL NAME
Personal name Akyuz, Anne
9 (RLIN) 7365
700 ## - ADDED ENTRY--PERSONAL NAME
Personal name Bernadette , Bazelle-Shahmaei,
9 (RLIN) 7366
700 ## - ADDED ENTRY--PERSONAL NAME
Personal name Bonenfant, Joelle
9 (RLIN) 7367
700 ## - ADDED ENTRY--PERSONAL NAME
Personal name Gliemann, Marie-Francoise
9 (RLIN) 7368
942 ## - ADDED ENTRY ELEMENTS (KOHA)
Koha item type წიგნი
Source of classification or shelving scheme
ეგზემპლარები
Withdrawn status Lost status Source of classification or shelving scheme Damaged status Not for loan Permanent Location Current Location Shelving location Date acquired Full call number Barcode Date last seen Copy number Price effective from Koha item type
          ბათუმის შოთა რუსთაველის სახელმწიფო უნივერსიტეტის მთავარი ბიბლიოთეკა ბათუმის შოთა რუსთაველის სახელმწიფო უნივერსიტეტის მთავარი ბიბლიოთეკა წიგნსაცავი 2018-12-17 811.133.1 L-58 45664 2018-12-17 45664 2018-12-17 წიგნი